Man against man-eaters / (Record no. 76928)
[ view plain ]
| 000 -LEADER | |
|---|---|
| fixed length control field | 00868nam a22002772i 4500 |
| 001 - CONTROL NUMBER | |
| control field | 76928 |
| 003 - CONTROL NUMBER IDENTIFIER | |
| rucl marc code | BD-RjUL |
| 005 - DATE AND TIME OF LATEST TRANSACTION | |
| control field | 20211209082915.0 |
| 008 - FIXED-LENGTH DATA ELEMENTS--GENERAL INFORMATION | |
| fixed length control field | 500101s1954 xxk 000 0 eng d |
| 035 ## - SYSTEM CONTROL NUMBER | |
| System control number | BD-RjUL) 77152 |
| 040 ## - CATALOGING SOURCE | |
| Original cataloging agency | UKM |
| Transcribing agency | UKM |
| Modifying agency | EQO |
| Language of cataloging | eng |
| 041 ## - LANGUAGE CODE | |
| Language code of text/sound track or separate title | eng |
| 082 ## - DEWEY DECIMAL CLASSIFICATION NUMBER | |
| Classification number | 799.2774428 |
| Edition number | 18 |
| Author mark and year | COM 1954 |
| 092 ## - LOCALLY ASSIGNED DEWEY CALL NUMBER (OCLC) | |
| Classification number | D0503382589 |
| 100 1# - MAIN ENTRY--PERSONAL NAME | |
| Personal name | Corbett, Jim. |
| 9 (RLIN) | 238940 |
| 245 10 - TITLE STATEMENT | |
| Title | Man against man-eaters / |
| Statement of responsibility, etc. | Jim Corbett |
| 260 ## - PUBLICATION, DISTRIBUTION, ETC. (IMPRINT) | |
| Place of publication, distribution, etc. | London : |
| Date of publication, distribution, etc. | 1954 |
| Name of publisher, distributor, etc. | Oxford University Press, |
| 300 ## - PHYSICAL DESCRIPTION | |
| Pagination | 162 p. : |
| Illustrations | ill. ; |
| Size | 19 cm |
| 490 1# - SERIES STATEMENT | |
| Series statement | English readers' library |
| 500 ## - GENERAL NOTE | |
| General note | "The pieces in this book are abridged from The man eaters of Kumaon and The man-eating leopard of Rudraprayag" Notes |
| 650 ## - SUBJECT ADDED ENTRY--TOPICAL TERM | |
| Topical term or geographic name as entry element | Hunting |
| 9 (RLIN) | 238941 |
| 830 #0 - SERIES ADDED ENTRY--UNIFORM TITLE | |
| Uniform title | English readers' library |
| 942 ## - ADDED ENTRY ELEMENTS (KOHA) | |
| Source of classification or shelving scheme | Dewey Decimal Classification |
| Koha item type | Books |
| Lost status | Source of classification or shelving scheme | Damaged status | Not for loan | Collection code | Permanent Location | Current Location | Shelving location | Date acquired | Total Checkouts | Full call number | Date last seen | Copy number | Koha item type |
|---|---|---|---|---|---|---|---|---|---|---|---|---|---|
| Dewey Decimal Classification | Not For Loan | Non-fiction | Central Library, University of Rajshahi | Central Library, University of Rajshahi | Reading Room | 06/02/2020 | 799.2774428 COM 1956 | 06/02/2020 | C-1 | Books |